LEADER 01200nam--2200313---4500 001 990000657210203316 035 $a0065721 035 $aUSA010065721 035 $a(ALEPH)000065721USA01 035 $a0065721 100 $a20011001d1837----km-y0ENGy0103----ba 101 $aita 102 $aIT 200 1 $aIndice generale alfabetico della collezione delle leggi e dei decreti per il Regno delle Due Sicilie distinto per materie con ordine cronologico dell'anno 1806 a tutto il 1836$flavoro eseguito da Domenicantonio Vacca 210 $aNapoli$cstamp. dell'Ancora$d1837 215 $aXII, 384 p.$d22,5 cm 410 $12001 702 1$aVACCA,$bDomeniantonio 710 02$dSicilia $0140974 801 0$aIT$bsalbc$gISBD 912 $a990000657210203316 951 $aFV C 4 I 50$b1864$cFV C 4 I 959 $aBK 969 $aF.VENTIMIGLIA 979 $aPATTY$b90$c20011001$lUSA01$h1340 979 $c20020403$lUSA01$h1715 979 $aPATRY$b90$c20040406$lUSA01$h1645 996 $aIndice generale alfabetico della collezione delle leggi e dei decreti per il Regno delle Due Sicilie distinto per materie con ordine cronologico dell'anno 1806 a tutto il 1836$9959967 997 $aUNISA